| 000 | 01956 a2200229 4500 | ||
|---|---|---|---|
| 001 | 42307 | ||
| 005 | 20260407155712.0 | ||
| 008 | 260407a2016 arg spa d | ||
| 003 | AR-UNSa-BCEJYS | ||
| 040 |
_aAR-UNSa-BCEJYS _bspa _cAR-UNSa-BCEJYS |
||
| 080 |
_a336.1 _xFinanzas Públicas. Finanzas del gobierno en general |
||
| 245 | 1 | 0 | _aCurso de derecho financiero |
| 020 | _a978-987-3953-29-3 | ||
| 264 | 1 |
_aBuenos Aires : _bErreius _c2016 |
|
| 300 |
_axl, 1004 p. _c27 cm. |
||
| 505 | _aPARTE I: NOCIONES GENERALES DE LAS FINANZAS PÚBLICAS: 1. Evolución histórica - 2. Las diferentes escuelas financieras y sus principales expositores - 3. Las finanzas liberales, intervencionistas y socialistas - 4. La doctrina pontificia en materia económica y financiera - 5. La planificación - 6. El fenómeno financiero y la actividad financiera del estado - 7. El estado: fines y funciones - 8. Las finanzas públicas -- PARTE II: EL DERECHO FINANCIERO: 1. La relación entre la ciencia de las finanzas y el derecho financiero - 2. Estudios del derecho financiero - 3. El derecho financiero - 4. El derecho tributario - 5. El presupuesto - 6. Gasto público - 7. Recursos públicos - 8. Recursos tributarios - 9. Impuestos - 10. Tasas - 11. Contribuciones especiales - 12. Crédito público -- PARTE III: DERECHO TRIBUTARIO PARTE GENERAL: 1. Derecho constitucional tributario - 2. Derecho Interjurisdiccional tributario - 3. Derecho tributario material - 4. Derecho formal o administrativo tributario - 5. Derecho procesal tributario - 6. Derecho Penal tributario - 7. Derecho internacional tributario -- PARTE IV: DERECHO TRIBUTARIO PARTE ESPECIAL: 1. Tributos nacionales - 2. Tributos provinciales - 3. Tributos municipales | ||
| 041 | _aspa | ||
| 942 | _cBK | ||
| 590 | _aniveau_biblio:m niveau_hierar:0 | ||
| 100 | 1 | _aEspeche, Sebastián P. | |
| 856 | 4 | 1 |
_uhttps://biblioeco.unsa.edu.ar/pmb/images/libros/L126543.jpg _yImagen de portada _qimage/jpeg |
| 999 |
_c3594 _d3594 |
||